<?xml version="1.0" encoding="UTF-8"?>
<record
    xmlns:xsi="http://www.w3.org/2001/XMLSchema-instance"
    xsi:schemaLocation="http://www.loc.gov/MARC21/slim http://www.loc.gov/standards/marcxml/schema/MARC21slim.xsd"
    xmlns="http://www.loc.gov/MARC21/slim">

  <leader>01448nam a22002777a 4500</leader>
  <controlfield tag="001">000501</controlfield>
  <controlfield tag="003">DO-SdBNP</controlfield>
  <controlfield tag="005">20171110084416.0</controlfield>
  <controlfield tag="007">000501</controlfield>
  <controlfield tag="008">160915b        2006 sp a ||||| |||| 00| 0 spa d</controlfield>
  <datafield tag="020" ind1=" " ind2=" ">
    <subfield code="a">9972209105</subfield>
  </datafield>
  <datafield tag="040" ind1=" " ind2=" ">
    <subfield code="a">BPMSU</subfield>
    <subfield code="b">spa</subfield>
    <subfield code="c">BPMSU</subfield>
  </datafield>
  <datafield tag="082" ind1=" " ind2="4">
    <subfield code="a">512.9</subfield>
    <subfield code="b">A394</subfield>
  </datafield>
  <datafield tag="245" ind1="0" ind2="0">
    <subfield code="a">&#xC1;lgebra</subfield>
  </datafield>
  <datafield tag="246" ind1="0" ind2="0">
    <subfield code="a">Manual de preparaci&#xF3;n pre-universitaria :</subfield>
    <subfield code="b">&#xC1;lgebra, teor&#xED;a, conceptos, ejercicios resueltos y propuestos</subfield>
  </datafield>
  <datafield tag="260" ind1=" " ind2=" ">
    <subfield code="a">Lima, Per&#xFA; : </subfield>
    <subfield code="b">Lexus Editores, </subfield>
    <subfield code="c">2006.</subfield>
  </datafield>
  <datafield tag="300" ind1=" " ind2=" ">
    <subfield code="a">415 p. : </subfield>
    <subfield code="b">il. ; </subfield>
    <subfield code="c">27 cm.</subfield>
  </datafield>
  <datafield tag="500" ind1=" " ind2=" ">
    <subfield code="a"> &#xC1;lgebra.</subfield>
  </datafield>
  <datafield tag="505" ind1="0" ind2=" ">
    <subfield code="t">Conceptos fundamentals --</subfield>
    <subfield code="t">Grado de las expresiones algebraicas --</subfield>
    <subfield code="t">Notacion polinomica --</subfield>
    <subfield code="t">Polinomios especiales --</subfield>
    <subfield code="t">Expresiones algebraicas --</subfield>
    <subfield code="t">Divisibilidad algebraica --</subfield>
    <subfield code="t">Cocientes notables --</subfield>
    <subfield code="t">Factorizacion --</subfield>
    <subfield code="t">Maximo comun divisor y minimo comun multiplo --</subfield>
    <subfield code="t">Fracciones algebraicas --</subfield>
    <subfield code="t">Introduccion el binomio de Newton --</subfield>
    <subfield code="t">Radicacion --</subfield>
    <subfield code="t">Operaciones con raices --</subfield>
    <subfield code="t">Verdadero valor de fracciones algebraicas --</subfield>
    <subfield code="t">Cantidades imaginarias y numeros complejos --</subfield>
    <subfield code="t">Ecuaciones --</subfield>
    <subfield code="t">Determinantes --</subfield>
    <subfield code="t">Ecuaciones  de segundo grado --</subfield>
    <subfield code="t">Desigualdad e inecuaciones --</subfield>
    <subfield code="t">Progresiones --</subfield>
    <subfield code="t">Logaritmos --</subfield>
    <subfield code="t">Inter&#xE9;scompuesto.</subfield>
  </datafield>
  <datafield tag="650" ind1=" " ind2="4">
    <subfield code="a">&#xC1;LGEBRA</subfield>
  </datafield>
  <datafield tag="650" ind1=" " ind2="4">
    <subfield code="a">&#xC1;LGEBRA</subfield>
    <subfield code="x">PROBLEMAS, EJERCICIOS, ETC.</subfield>
  </datafield>
  <datafield tag="910" ind1=" " ind2=" ">
    <subfield code="a">Validado. Control de calidad MFF</subfield>
  </datafield>
  <datafield tag="942" ind1=" " ind2=" ">
    <subfield code="2">ddc</subfield>
    <subfield code="c">BK</subfield>
  </datafield>
  <datafield tag="945" ind1=" " ind2=" ">
    <subfield code="a">Invetariado extranjero / 2017 VM</subfield>
  </datafield>
  <datafield tag="952" ind1=" " ind2=" ">
    <subfield code="0">0</subfield>
    <subfield code="1">0</subfield>
    <subfield code="2">ddc</subfield>
    <subfield code="4">0</subfield>
    <subfield code="7">0</subfield>
    <subfield code="8">CG</subfield>
    <subfield code="a">BPMET</subfield>
    <subfield code="b">BPMET</subfield>
    <subfield code="d">2016-09-15</subfield>
    <subfield code="e">Donaci&#xF3;n</subfield>
    <subfield code="l">0</subfield>
    <subfield code="o">512.9 A394</subfield>
    <subfield code="p">BPMSU16090325</subfield>
    <subfield code="r">2016-09-15</subfield>
    <subfield code="w">2016-09-15</subfield>
    <subfield code="y">BK</subfield>
  </datafield>
  <datafield tag="952" ind1=" " ind2=" ">
    <subfield code="0">0</subfield>
    <subfield code="1">0</subfield>
    <subfield code="2">ddc</subfield>
    <subfield code="4">0</subfield>
    <subfield code="7">0</subfield>
    <subfield code="8">CG</subfield>
    <subfield code="a">BPMET</subfield>
    <subfield code="b">BPMET</subfield>
    <subfield code="d">2016-09-15</subfield>
    <subfield code="e">Donaci&#xF3;n</subfield>
    <subfield code="l">0</subfield>
    <subfield code="o">512.9 A394</subfield>
    <subfield code="p">BPMSU16090328</subfield>
    <subfield code="r">2016-09-15</subfield>
    <subfield code="t">e. 2</subfield>
    <subfield code="w">2016-09-15</subfield>
    <subfield code="y">BK</subfield>
  </datafield>
  <datafield tag="956" ind1=" " ind2=" ">
    <subfield code="2">LOPEREZ</subfield>
    <subfield code="3">10</subfield>
    <subfield code="6">20160915</subfield>
    <subfield code="8">BPMSU</subfield>
    <subfield code="a">00041</subfield>
  </datafield>
  <datafield tag="999" ind1=" " ind2=" ">
    <subfield code="c">11399</subfield>
    <subfield code="d">11399</subfield>
  </datafield>
</record>
